01477nab a2200397 a 450000100060000000300080000600500170001400600190003100700150005000800410006502200280010603500210013404000260015505000260018108000240020710000300023122200270026124501220028826000590041030000150046936200350048453301640051965000280068365000370071165000110074865000330075965000310079265000250082365100280084865100460087665500320092271000190095474000280097385600610100199900170106281359FlNmELB20241217151833.0m o d | cr cn|||||||||130704s2003 mx s 000 0 spa d a0185-3937z0185393-7102 a(OCoLC)955357540 aFlNmELBbspacFlNmELB 4aHC467.95bG569 2003eb a339.5:330.34(519.5)1 aGómez Chiñas, Carlos. 0aAnálisis Económico10aComercio exterior y desarrollo económico, el caso de Corea del Surh[recurso electronico]cCarlos Gómez Chiñas. aDistrito Federal :bRed Análisis Económico,c2003. a141-155 p.0 aVol. XVIII, Núm. 037 (2003)- aRecurso electrónico. Santa Fe, Arg.: e-libro, 2015. Disponible vía World Wide Web. El acceso puede estar limitado para las bibliotecas afiliadas a e-libro. 4aComercio internacional. 4aDesarrollo económico y social. 4aCorea. 4aExportaciones/importaciones. 4aInversiónes extranjeras. 0aInvestment, Foreign. 0aKoreaxEconomic policy. 0aKorea (South)xEconomic conditionsy1960- 4aArtículos electrónicos.2 ae-libro, Corp.02aAnálisis Económico.40uhttps://elibro.net/ereader/politecnicointernacional/7407 c81359d81359